| 000 | 00781cam a22002531 4500 | ||
|---|---|---|---|
| 001 | 24439 | ||
| 003 | BD-RjUL | ||
| 005 | 20211209001042.0 | ||
| 008 | 140313s1964 nyua 000 0 eng | ||
| 035 | _a(BD-RjUL)24505 | ||
| 040 |
_aDLC _cDLC _dDLC _beng |
||
| 041 | _aeng | ||
| 082 | 0 | 0 |
_a309.172 _bLEP 1964 |
| 100 | 1 |
_aLewis, Oscar, _d1914-1970. _975233 |
|
| 245 | 1 | 0 |
_aPedro Martínez : _cDrawings by Alberto Beltrán. _ba Mexican peasant and his family / |
| 260 |
_aNew York : _bRandom House, _c1964 |
||
| 300 |
_alvii, 507 p. : _billus. ; _c25 cm. |
||
| 650 | 0 |
_aFamilies _zMexico _vCase studies. _975234 |
|
| 650 | 0 |
_aPeasants _zMexico _vCase studies. _975235 |
|
| 651 | 0 |
_aMexico _xSocial conditions. _975236 |
|
| 942 |
_2ddc _cBK |
||
| 999 |
_c24439 _d24439 |
||